|
|
|
|
| LEADER |
00000nam0a2200000 4500 |
| 001 |
76976 |
| 005 |
20231031092018.0 |
| 010 |
|
|
|a 502014004X
|
| 035 |
|
|
|a (RuTPU)RU\TPU\book\82546
|
| 090 |
|
|
|a 76976
|
| 100 |
|
|
|a 20050510d1989 m y0rusy50 ca
|
| 101 |
0 |
|
|a rus
|
| 102 |
|
|
|a RU
|
| 105 |
|
|
|a a z 001zy
|
| 200 |
1 |
|
|a Устойчивость конвективных течений
|f Г. З Гершуни, Е. М. Жуховицкий, А. А. Непомнящий
|
| 210 |
|
|
|a Москва
|c Наука
|d 1989
|
| 215 |
|
|
|a 320 с.
|c ил.
|
| 320 |
|
|
|a Библиогр.: с. 293-318
|
| 610 |
1 |
|
|a физика
|
| 610 |
1 |
|
|a конвекция
|
| 610 |
1 |
|
|a гидродинамика
|
| 610 |
1 |
|
|a конвективное течение
|
| 610 |
1 |
|
|a жидкости
|
| 610 |
1 |
|
|a свойства
|
| 675 |
|
|
|a 532.52
|v 3
|
| 700 |
|
1 |
|a Гершуни
|b Г. З
|g Григорий Зеликович
|
| 701 |
|
1 |
|a Жуховицкий
|b Е. М.
|g Ефим Михайлович
|
| 701 |
|
1 |
|a Непомнящий
|b А. А.
|g Александр Абович
|
| 801 |
|
1 |
|a RU
|b 63413507
|c 20050510
|g PSBO
|
| 801 |
|
2 |
|a RU
|b 63413507
|c 20051213
|g PSBO
|
| 942 |
|
|
|c BK
|